| 000 | 00536 a2200193 4500 | ||
|---|---|---|---|
| 005 | 20260417114438.0 | ||
| 008 | 260416b |||||||| |||| 00| 0 eng d | ||
| 020 |
_a9789392262890 _cRs. 1795.00 |
||
| 040 | _aMAIN | ||
| 082 |
_a323 _bR188H |
||
| 100 | _aRathi, Parveen Kumar | ||
| 245 | _aHuman rights and media: Bridging the gap for global justice | ||
| 260 |
_bBook Enclave _c2024 _aJaipur |
||
| 300 | _aix, 233 | ||
| 650 | _aPolitical Science | ||
| 650 | _aHuman Rights | ||
| 650 | _aCivil and Political Rights | ||
| 942 | _cBK | ||
| 999 |
_c397248 _d397248 |
||